Road Trip - Par Quels Pays Passez-Vous ? - Statistiques

Statistiques générales
  • Ce quiz a été pris 112 fois
  • Le résultat moyen est 17 sur 31
Statistiques - réponses
Voyage Pays d'arrivée % Correct
Vous remontez le Rhône jusqu'à Genève Suisse
100%
Vous partez d'Avignon France
98%
Arrivé à Brno, vous décalez vers Vienne Autriche
87%
Vous traversez le Mitteland puis le lac de Constance Allemagne
81%
Après 50 autres kilomètres de route, vous traversez le Danube pour arriver dans une capitale dont vous avez oublié le nom Slovaquie
69%
Vous prenez la route et traversez les Sudètes République Tchèque
68%
Durant votre traversée de la Mer Égée, vous avez eu le temps de visiter Lesbos et Chios Grèce
65%
Arrivé à Szeged, vous décidez de partir tout Est sur la M43, sans vous arrêter jusqu'aux Carpathes Roumanie
65%
Arrivé à Armiansk, vous vous dirigez vers Sébastopol, là-bas, vous prendrez un bateau, faisant une escale à Sinop, une autre à Istanbul puis une troisième à Çanakkale avant de reprendre le large Turquie
65%
Après votre visite, vous descendez le Danube, et, arrivé à la frontière, vous vous autorisez deux jours de pause à Szob Hongrie
64%
Vous longez maintenant la Mer Noire jusqu'en Crimée Russie
62%
Vous continuez votre chemin en traversant la Dniestr, mais sans passer par la Transnistrie Ukraine
59%
Cette étape passée, et passant par Brasov, vous traversez la Prout et faites une pause à Bălți Moldavie
57%
Vous arrivez au port de Saint-Malo puis sans hésiter, vous rendez à Avignon, voici la fin de votre périple ! France
48%
Vous arrivez à Fukuoka et traversez Kyūshū jusqu'à Kagoshima, pour prendre un autre bateau Japon
48%
Arrivé aux Grands Lacs, vous traversez la rivière Sainte-Claire et entrez en Ontario Canada
47%
Finalement, Gobi, pourquoi pas ? Vous êtes alors passé par le Xinjiang Chine
47%
La Côte Ouest aussi vous faisait envie, alors vous tracez votre chemin à Boston, New-York, Philadelphie, Baltimore puis Washington avant de prendre le large à nouveau vers le vieux continent États-Unis
47%
Vous arrivez à Cardiff, et vous vous rendez dans les Cornouailles pour prendre un bateau à Plymouth, n'oubliant pas de passer par stonehenge sur le chemin Royaume-Uni
47%
Le bateau fait une escale de quelques jours à Antalya, vous décidez que vous en avez assez et continuez par la route Turquie
47%
Après un cheminement en ligne droite approximative, vous rencontrez un groupe de personnes installant une yourte, ils étaient très sympathiques. Vous vous êtes ensuite arrêté dans une ville du nom de Mandalgovĭ Mongolie
45%
Vous vous dirigez maintenant vers la mer pour quitter le continent, et à cet effet vous avancez vers Vladivostok. Là-bas vous y prenez un bateau Russie
43%
Le bateau a fait une escale à Busan, puis sur Jeju, avant de repartir pour son terminus Corée du Sud
40%
Passant par Batman et par la route bordant le Van Gölü, vous atteignez Tabriz et les Monts Zagros Iran
40%
Arrivé à Douchanbé, vous prenez finalement la décision de contourner le Pamir par le Nord Tadjikistan
40%
Le désert de Gobi ne vous enchantait pas du tout à cette heure, alors vous avez opté pour Almaty Kazakhstan
37%
Ce bateau vous rendit à Guam, alors, arrivé dans ce grand pays, vous décidez de le visiter encore un peu en vous rendant sur le continent majeur États-Unis
36%
La traversée du Tian Shan fut parfois pénible, mais arrivé à la ville annotée "Бишкек", vous avez pu vous reposer Kirghizistan
36%
La traversée du désert Kavir vous faisait envie, chose faite et arrivé à Mechhed et traversez la frontière la plus proche, l'alphabet cyrillique vous avait presque manqué Turkménistan
36%
Continuant votre chemin, vous vous apercevez que les panneaux ont changé de langue, maintenant de caractères sinogrammiques. Vous arrivez néanmoins à déchiffrer le nom de la ville, "Harbin", où vous faites une halte Chine
35%
Après un vif passage à Mary, vous traversez l'Amou-Daria et faites une escale à Karchi, après quoi vous vous dirigez vers le massif du Pamir Ouzbékistan
35%
Aucun quiz correspondant
Distribution des résultats
% des personnes avec chaque résultat
Percentile par nombre de réponses
Votre historique - résultats
Vous n’avez pas pris ce quiz